Bojím sa približnosti... (rozhovor s prof. Milanom Čorbom, novým rektorom Vysokej školy múzických umení v Bratislave)

Bibliographic Details
Main Authors: Čorba, Milan, 1940-2013 (Author), Hroncová, Silvia, 1964- (Author), Ulmanová, Martina (Author)
Format: Article
Language:Slovak
PhysicalDescription:Fotogr. 1
Subjects:

MARC

LEADER 00000nab a2200000 a 4500
001 vtls000618019
003 SK-MaSNL
005 20260305023041.0
008 160401c1997 xo 0 slo
015 |a SNBRB19rr/mm-uuuuu 
035 |a CL0618158 
040 |a SNKBUCL  |b slo  |c SNKBUCL  |e AACR2 
041 0 |a slo 
044 |a xo  |c SK 
080 |a 792.024.071.1:687.16:792.021.071.1  |2 1981 
080 |a 687.16  |2 1981 
080 |a 792.021.071.1  |2 1981 
100 1 |a Čorba, Milan,  |d 1940-2013  |4 aut  |9 240295 
245 1 0 |a Bojím sa približnosti...  |b (rozhovor s prof. Milanom Čorbom, novým rektorom Vysokej školy múzických umení v Bratislave)  |c Milan Čorba, Silvia Hroncová, Martina Ulmanová 
300 |b Fotogr. 1 
600 1 7 |a Čorba, Milan  |d 1940-  |2 snkbucl  |9 1600980 
655 7 |a články z novín a časopisov  |2 snkbucl  |9 267496 
700 1 |a Hroncová, Silvia,  |d 1964-  |4 aut  |9 104960 
700 1 |a Ulmanová, Martina  |4 aut  |9 525714 
773 0 |t Divadlo v medzičase  |g Roč. 2, č. 1 (1997), s. 1 a 3 
850 |a Slovenská národná knižnica v Martine  |a MTA001 
852 |a SNK  |b KIS3GCP 
958 |a SK 
958 |a RK 
958 |a RBX 
999 |c 3294321  |d 3296251